| 000 | 00443nam a2200157 i 4500 | ||
|---|---|---|---|
| 001 | 89254 | ||
| 003 | ES-MaACL | ||
| 005 | 20230906180128.0 | ||
| 007 | t| | ||
| 008 | 050105s1926 cu ||||1| spa d | ||
| 100 | 1 |
_aLaria y Caso, Antonio. _970252 |
|
| 245 | 1 | 0 |
_aEpisodios hispano-cubanos en poesías / _cAntonio Laria y Caso. |
| 260 |
_aLa Habana : _bSolana Hnos. y Cía., _c1926. |
||
| 300 |
_a218 p. ; _c17 cm. |
||
| 852 |
_aES-MaACL _jF-412 |
||
| 999 |
_c89254 _d89254 |
||